000 01066cab a22001935a 4500
001 L153594
008 110808s2011 xxk 000 0 eng d
035 _a(Sirsi) u153594
041 0 _aeng
100 1 _aMcMillan, Russell
245 0 0 _aTaking a new approach to financial statements
260 _c2011
490 0 _aRICS Commercial Property Journal
_vMay-June 2011, 12-13(2)
520 _aExamines the work that corporate real estate teams will need to do in advance of the International Accounting Standards Board,s forthcoming final version of it new standard on lease accounting which when implemented will have a significant impact on the financial statements of corporate occupiers. Covers what is changing, the collection and validation of lease data, the data requirements, assessing the impact on financial statements, strategic justification, and the timeline and immediate actions needed.
590 _aKA
651 4 _aUnited Kingdom
_y
690 _aMANAGEMENT-BUSINESS MANAGEMENT-FINANCIAL MANAGEMENT-ACCOUNTING-FINANCIAL REPORTING
942 _n0
999 _c83333
_d83333